<?xml version="1.0" encoding="UTF-8"?>
<record
    xmlns:xsi="http://www.w3.org/2001/XMLSchema-instance"
    xsi:schemaLocation="http://www.loc.gov/MARC21/slim http://www.loc.gov/standards/marcxml/schema/MARC21slim.xsd"
    xmlns="http://www.loc.gov/MARC21/slim">

  <leader>00586nam a22001937a 4500</leader>
  <controlfield tag="003">OSt</controlfield>
  <controlfield tag="005">20131204154637.0</controlfield>
  <controlfield tag="008">131009b        xxu||||| |||| 00| 0 eng d</controlfield>
  <datafield tag="040" ind1=" " ind2=" ">
    <subfield code="c">Centre de documentaci&#xF3; Montserrat Roig</subfield>
    <subfield code="b">cat</subfield>
  </datafield>
  <datafield tag="100" ind1=" " ind2=" ">
    <subfield code="9">4036</subfield>
    <subfield code="a">Mej&#xED;a Prieto, Jorge</subfield>
  </datafield>
  <datafield tag="245" ind1=" " ind2=" ">
    <subfield code="a">Hist&#xF2;ria de la radio y la T.V. en M&#xE9;xico</subfield>
    <subfield code="c">Jorge Mej&#xED;a Prieto</subfield>
  </datafield>
  <datafield tag="250" ind1=" " ind2=" ">
    <subfield code="b">2a ed.</subfield>
  </datafield>
  <datafield tag="260" ind1=" " ind2=" ">
    <subfield code="a">M&#xE9;xico</subfield>
    <subfield code="c">1972</subfield>
    <subfield code="b">Editores Asociados</subfield>
  </datafield>
  <datafield tag="300" ind1=" " ind2=" ">
    <subfield code="a">322 p. </subfield>
  </datafield>
  <datafield tag="490" ind1=" " ind2=" ">
    <subfield code="a">M&#xE9;xico Vivo</subfield>
  </datafield>
  <datafield tag="650" ind1="0" ind2="4">
    <subfield code="9">1116</subfield>
    <subfield code="a">Televisi&#xF3;</subfield>
    <subfield code="x">Hist&#xF2;ria</subfield>
    <subfield code="z">M&#xE8;xic</subfield>
  </datafield>
  <datafield tag="650" ind1="0" ind2="4">
    <subfield code="9">2387</subfield>
    <subfield code="a">R&#xE0;dio</subfield>
    <subfield code="x">Hist&#xF2;ria</subfield>
    <subfield code="z">M&#xE8;xic</subfield>
  </datafield>
  <datafield tag="942" ind1=" " ind2=" ">
    <subfield code="2">udc</subfield>
    <subfield code="c">MON</subfield>
  </datafield>
  <datafield tag="999" ind1=" " ind2=" ">
    <subfield code="c">6634</subfield>
    <subfield code="d">6634</subfield>
  </datafield>
  <datafield tag="952" ind1=" " ind2=" ">
    <subfield code="0">0</subfield>
    <subfield code="1">0</subfield>
    <subfield code="4">0</subfield>
    <subfield code="7">0</subfield>
    <subfield code="a">CDMR</subfield>
    <subfield code="b">CDMR</subfield>
    <subfield code="d">2013-01-16</subfield>
    <subfield code="l">0</subfield>
    <subfield code="o">EF 9/8</subfield>
    <subfield code="p">CDMR13108188I</subfield>
    <subfield code="r">2013-10-09</subfield>
    <subfield code="w">2013-10-09</subfield>
    <subfield code="y">MON</subfield>
  </datafield>
</record>
